[Event "Bundesliga 9495"]
[Site "Deutschland"]
[Date "1995.??.??"]
[Round "?.8"]
[White "Herbrechtsmeier, Christof"]
[Black "Foessmeier, Ulrich"]
[Result "1/2-1/2"]
[WhiteElo "2330"]
[BlackElo "2310"]
[PlyCount "55"]
[EventDate "1994.10.??"]
[EventType "team"]
[EventRounds "15"]
[EventCountry "GER"]
[SourceTitle "Bundesliga 9495"]
[Source "DeepChess"]
[SourceDate "2005.01.01"]
[SourceVersion "1"]
[SourceVersionDate "2005.01.01"]
[SourceQuality "1"]
[WhiteTeam "SK Zaehringen 1921"]
[BlackTeam "SV Tuebingen 1870 e.V."]
[WhiteTeamCountry "GER"]
[BlackTeamCountry "GER"]

1. e4 e5 2. Nf3 Nc6 3. Bc4 Nf6 4. Ng5 Bc5 5. Bxf7+ Ke7 6. Bd5 Rf8 7. Nf3 Nd4 8.
Nxd4 Bxd4 9. O-O c6 10. c3 Bb6 11. Bb3 Nxe4 12. Qe2 d5 13. d3 Nf6 14. Qxe5+ Kf7
15. Bg5 Kg8 16. Qg3 Bf5 17. Nd2 Bc7 18. f4 Qd6 19. Rae1 h6 20. Bxf6 Qxf6 21.
Ne4 Bxe4 22. dxe4 Bxf4 23. Qd3 Qg6 24. g3 Kh8 25. Bc2 dxe4 26. Rxe4 Bd6 27. Re8
Qxd3 28. Rexf8+ 1/2-1/2

[Event "Bundesliga 9495"]
[Site "Deutschland"]
[Date "1994.??.??"]
[Round "?.1"]
[White "Zude, Arno"]
[Black "Watson, William N"]
[Result "1/2-1/2"]
[WhiteElo "2435"]
[BlackElo "2525"]
[PlyCount "36"]
[EventDate "1994.10.??"]
[EventType "team"]
[EventRounds "15"]
[EventCountry "GER"]
[SourceTitle "Bundesliga 9495"]
[Source "DeepChess"]
[SourceDate "2005.01.01"]
[SourceVersion "1"]
[SourceVersionDate "2005.01.01"]
[SourceQuality "1"]
[WhiteTeam "SV 1920 Hofheim"]
[BlackTeam "SV Castrop Rauxel 1923"]
[WhiteTeamCountry "GER"]
[BlackTeamCountry "GER"]

1. e4 c5 2. c3 Nf6 3. e5 Nd5 4. d4 cxd4 5. Nf3 Nc6 6. cxd4 d6 7. Bc4 Nb6 8. Bb5
dxe5 9. Nxe5 Bd7 10. Bxc6 Bxc6 11. Nxc6 bxc6 12. O-O g6 13. Re1 Bg7 14. Bg5 Nc8
15. Nc3 O-O 16. Qf3 Qxd4 17. Qxc6 Rb8 18. Rad1 Qb4 1/2-1/2

[Event "Bundesliga 9495"]
[Site "Deutschland"]
[Date "1994.??.??"]
[Round "?.2"]
[White "King, Daniel J"]
[Black "Pirrot, Dieter"]
[Result "1-0"]
[WhiteElo "2495"]
[BlackElo "2395"]
[PlyCount "75"]
[EventDate "1994.10.??"]
[EventType "team"]
[EventRounds "15"]
[EventCountry "GER"]
[SourceTitle "Bundesliga 9495"]
[Source "DeepChess"]
[SourceDate "2005.01.01"]
[SourceVersion "1"]
[SourceVersionDate "2005.01.01"]
[SourceQuality "1"]
[WhiteTeam "SV Castrop Rauxel 1923"]
[BlackTeam "SV 1920 Hofheim"]
[WhiteTeamCountry "GER"]
[BlackTeamCountry "GER"]

1. g3 g6 2. Bg2 Bg7 3. e4 c5 4. d3 Nc6 5. f4 d6 6. Nf3 e6 7. O-O Nge7 8. c3 d5
9. Be3 d4 10. cxd4 cxd4 11. Bd2 O-O 12. a4 e5 13. Na3 exf4 14. gxf4 h6 15. b4
Be6 16. Qe1 a5 17. b5 Nb8 18. Nc2 Bb3 19. Qb1 Bxc2 20. Qxc2 Nd7 21. Rfc1 b6 22.
Qb1 Nc5 23. Rc4 Qd7 24. Qc2 Rfd8 25. h3 Ra7 26. Re1 Ne6 27. Rf1 Rc8 28. Rxc8+
Qxc8 29. Qxc8+ Nxc8 30. Rc1 Nc5 31. e5 Ne7 32. Nxd4 Nxd3 33. Nc6 Nxc6 34. Rxc6
Bf8 35. Be3 Bc5 36. Bxc5 Nxc5 37. Rxb6 Nxa4 38. Ra6 1-0

[Event "Bundesliga 9495"]
[Site "Deutschland"]
[Date "1994.??.??"]
[Round "?.3"]
[White "Rechel, Bernd"]
[Black "Hoffmann, Michael"]
[Result "1/2-1/2"]
[WhiteElo "2410"]
[BlackElo "2470"]
[PlyCount "82"]
[EventDate "1994.10.??"]
[EventType "team"]
[EventRounds "15"]
[EventCountry "GER"]
[SourceTitle "Bundesliga 9495"]
[Source "DeepChess"]
[SourceDate "2005.01.01"]
[SourceVersion "1"]
[SourceVersionDate "2005.01.01"]
[SourceQuality "1"]
[WhiteTeam "SV 1920 Hofheim"]
[BlackTeam "SV Castrop Rauxel 1923"]
[WhiteTeamCountry "GER"]
[BlackTeamCountry "GER"]

1. e4 c5 2. Nf3 e6 3. d4 cxd4 4. Nxd4 a6 5. Bd3 Nf6 6. O-O d6 7. b3 g6 8. Bb2
Bg7 9. Nd2 O-O 10. Re1 Qc7 11. a4 b6 12. Nc4 Nbd7 13. Nf3 Bb7 14. e5 dxe5 15.
Nfxe5 Nc5 16. Bf1 Nfe4 17. Nd3 Bxb2 18. Ncxb2 b5 19. Qc1 Rfc8 20. axb5 axb5 21.
Rxa8 Rxa8 22. Qe3 Ra2 23. f3 Nxd3 24. Nxd3 Nc3 25. Nb4 Ra8 26. h4 Rd8 27. h5
gxh5 28. Qg5+ Kf8 29. Qh6+ Ke7 30. Qg5+ Kf8 31. Qh6+ Ke7 32. Qxh5 Nd5 33. Qg5+
Nf6 34. Qe5 Qb6+ 35. Qe3 Qxe3+ 36. Rxe3 Nd5 37. Nxd5+ Rxd5 38. Bd3 h6 39. Re1
Rc5 40. Kf2 Kd6 41. Ra1 Bc6 1/2-1/2

[Event "Bundesliga 9495"]
[Site "Deutschland"]
[Date "1994.??.??"]
[Round "?.4"]
[White "Libeau, Rene"]
[Black "Reschke, Stefan"]
[Result "1-0"]
[WhiteElo "2490"]
[BlackElo "2385"]
[PlyCount "77"]
[EventDate "1994.10.??"]
[EventType "team"]
[EventRounds "15"]
[EventCountry "GER"]
[SourceTitle "Bundesliga 9495"]
[Source "DeepChess"]
[SourceDate "2005.01.01"]
[SourceVersion "1"]
[SourceVersionDate "2005.01.01"]
[SourceQuality "1"]
[WhiteTeam "SV Castrop Rauxel 1923"]
[BlackTeam "SV 1920 Hofheim"]
[WhiteTeamCountry "GER"]
[BlackTeamCountry "GER"]

1. c4 Nf6 2. Nc3 g6 3. e4 d6 4. d4 Bg7 5. Nf3 O-O 6. Be2 e5 7. O-O Na6 8. Be3
c6 9. dxe5 dxe5 10. Qxd8 Rxd8 11. h3 Nd7 12. Rfd1 Re8 13. a3 Ndc5 14. b4 Ne6
15. c5 Nac7 16. Rab1 f5 17. Bc4 Kh8 18. Rd6 f4 19. Bd2 Nd4 20. Nxd4 exd4 21.
Ne2 Rxe4 22. Rd8+ Re8 23. Rxe8+ Nxe8 24. Nxf4 Nc7 25. Re1 Bf6 26. g4 Kg7 27.
Nd3 g5 28. f4 h6 29. fxg5 hxg5 30. Nf2 Bd7 31. Ne4 Re8 32. Kf2 Rf8 33. Kg2 Be6
34. Bd3 Bd5 35. Kg1 Ne6 36. Nxf6 Rxf6 37. Bf5 Kh6 38. h4 Nf4 39. hxg5+ 1-0

[Event "Bundesliga 9495"]
[Site "Deutschland"]
[Date "1994.??.??"]
[Round "?.5"]
[White "Schmitzer, Klaus"]
[Black "Appel, Ralf"]
[Result "0-1"]
[WhiteElo "2330"]
[BlackElo "2425"]
[PlyCount "64"]
[EventDate "1994.10.??"]
[EventType "team"]
[EventRounds "15"]
[EventCountry "GER"]
[SourceTitle "Bundesliga 9495"]
[Source "DeepChess"]
[SourceDate "2005.01.01"]
[SourceVersion "1"]
[SourceVersionDate "2005.01.01"]
[SourceQuality "1"]
[WhiteTeam "SV 1920 Hofheim"]
[BlackTeam "SV Castrop Rauxel 1923"]
[WhiteTeamCountry "GER"]
[BlackTeamCountry "GER"]

1. e4 Nf6 2. e5 Nd5 3. d4 d6 4. c4 Nb6 5. exd6 exd6 6. Nc3 Be7 7. Be3 O-O 8.
Qd2 Nc6 9. O-O-O Bf5 10. h3 d5 11. g4 Bg6 12. f4 Na5 13. cxd5 Re8 14. Nf3 Bb4
15. f5 Nac4 16. Bxc4 Nxc4 17. Bg5 f6 18. Qd3 Bf7 19. Qxc4 Bxc3 20. Qxc3 fxg5
21. h4 gxh4 22. Rxh4 Bxd5 23. Rh2 Qd6 24. Ne5 c5 25. Qh3 h6 26. g5 cxd4 27. Nd3
Re3 28. Qh4 Be4 29. Rhd2 Rc8+ 30. Kb1 Bxd3+ 31. Rxd3 Rxd3 32. Rxd3 Qc5 0-1

[Event "Bundesliga 9495"]
[Site "Deutschland"]
[Date "1994.??.??"]
[Round "?.6"]
[White "Sehner, Norbert"]
[Black "Zude, Erik"]
[Result "1-0"]
[WhiteElo "2410"]
[BlackElo "2365"]
[PlyCount "76"]
[EventDate "1994.10.??"]
[EventType "team"]
[EventRounds "15"]
[EventCountry "GER"]
[SourceTitle "Bundesliga 9495"]
[Source "DeepChess"]
[SourceDate "2005.01.01"]
[SourceVersion "1"]
[SourceVersionDate "2005.01.01"]
[SourceQuality "1"]
[WhiteTeam "SV Castrop Rauxel 1923"]
[BlackTeam "SV 1920 Hofheim"]
[WhiteTeamCountry "GER"]
[BlackTeamCountry "GER"]

1. c4 g6 2. g3 Bg7 3. Bg2 Nf6 4. Nc3 O-O 5. d3 c6 6. e4 d6 7. Nge2 a6 8. b3 b5
9. Bb2 e5 10. Qd2 Be6 11. h3 h5 12. O-O Nbd7 13. cxb5 cxb5 14. d4 Nb6 15. Ba3
Re8 16. Rfd1 Bf8 17. Bb2 b4 18. dxe5 bxc3 19. Qxc3 Rc8 20. Qe3 Nfd7 21. exd6
Bg7 22. Bxg7 Kxg7 23. f4 Nf8 24. Rd2 Nbd7 25. Kh2 Qb6 26. Qd3 Nh7 27. Rf1 Nhf6
28. Nd4 Rc5 29. Qb1 Qb4 30. Rdd1 Nf8 31. e5 N6h7 32. f5 Bd7 33. e6 fxe6 34.
fxg6 Nxg6 35. Qe4 Re5 36. Nxe6+ R8xe6 37. Qxb4 Ng5 38. Rd2 Nf7 $138 1-0

[Event "Bundesliga 9495"]
[Site "Deutschland"]
[Date "1994.??.??"]
[Round "?.7"]
[White "Schwamberger, Martin"]
[Black "Dinstuhl, Volkmar"]
[Result "1/2-1/2"]
[WhiteElo "2320"]
[BlackElo "2375"]
[PlyCount "88"]
[EventDate "1994.10.??"]
[EventType "team"]
[EventRounds "15"]
[EventCountry "GER"]
[SourceTitle "Bundesliga 9495"]
[Source "DeepChess"]
[SourceDate "2005.01.01"]
[SourceVersion "1"]
[SourceVersionDate "2005.01.01"]
[SourceQuality "1"]
[WhiteTeam "SV 1920 Hofheim"]
[BlackTeam "SV Castrop Rauxel 1923"]
[WhiteTeamCountry "GER"]
[BlackTeamCountry "GER"]

1. d4 Nf6 2. Nf3 c5 3. d5 b5 4. Bg5 Bb7 5. Bxf6 exf6 6. e4 c4 7. Nd4 Qb6 8. Nf5
g6 9. Ng3 h5 10. h4 Bh6 11. c3 d6 12. b3 Nd7 13. a4 bxa4 14. b4 a5 15. Rxa4 Ne5
16. Be2 Ke7 17. O-O Bf4 18. Qd4 Qxd4 19. cxd4 Nd3 20. bxa5 Ba6 21. Nc3 Rhb8 22.
Bd1 Bd2 23. Nge2 Rb2 24. Ra3 Be1 25. Ba4 Rab8 26. g3 Bc8 27. Kg2 Ba6 28. Kg1
Bd2 29. Kg2 Ne1+ 30. Kg1 Bxc3 31. Nxc3 Nf3+ 32. Kg2 Nxd4 33. Raa1 f5 34. exf5
Nxf5 35. Rfe1+ Kf8 36. Re4 Rd2 37. Rae1 Rbb2 38. Re8+ Kg7 39. R8e2 Nd4 40. Rxd2
Rxd2 41. Rb1 Rd3 42. Ne4 Nb3 43. Nxd6 Rxd5 44. Nxc4 Bxc4 1/2-1/2

[Event "Bundesliga 9495"]
[Site "Deutschland"]
[Date "1994.??.??"]
[Round "?.8"]
[White "Hermesmann, Hans"]
[Black "Buchal, Stephan"]
[Result "0-1"]
[WhiteElo "2310"]
[BlackElo "2360"]
[PlyCount "78"]
[EventDate "1994.10.??"]
[EventType "team"]
[EventRounds "15"]
[EventCountry "GER"]
[SourceTitle "Bundesliga 9495"]
[Source "DeepChess"]
[SourceDate "2005.01.01"]
[SourceVersion "1"]
[SourceVersionDate "2005.01.01"]
[SourceQuality "1"]
[WhiteTeam "SV Castrop Rauxel 1923"]
[BlackTeam "SV 1920 Hofheim"]
[WhiteTeamCountry "GER"]
[BlackTeamCountry "GER"]

1. d4 g6 2. c4 Bg7 3. Nc3 d6 4. e4 Nc6 5. Be3 e5 6. d5 Nce7 7. Qd2 f5 8. f3 Nf6
9. h3 h5 10. O-O-O f4 11. Bf2 g5 12. c5 Kf7 13. Kb1 Ng6 14. Rc1 Bf8 15. cxd6
Bxd6 16. Nb5 b6 17. Ne2 g4 18. hxg4 hxg4 19. Rxh8 Nxh8 20. Qc3 Bd7 21. Nxc7 Rc8
22. Ne6 Qg8 23. Qb3 Ke7 24. Rxc8 Qxc8 25. Nc3 g3 26. Be1 Bxe6 27. dxe6 Qxe6 28.
Bc4 Qd7 29. Qc2 Ng6 30. Nb5 Bc5 31. b4 Be3 32. Qa4 a6 33. Bc3 axb5 34. Bxb5 Qc7
35. Qb3 Bd4 36. Bd2 Nf8 37. Qd1 Ne6 38. Qa4 Be3 39. Be1 Qc1# 0-1

[Event "Bundesliga 9495"]
[Site "Deutschland"]
[Date "1995.??.??"]
[Round "?.2"]
[White "Pirrot, Dieter"]
[Black "Lobron, Eric"]
[Result "1-0"]
[WhiteElo "2395"]
[BlackElo "2575"]
[PlyCount "79"]
[EventDate "1994.10.??"]
[EventType "team"]
[EventRounds "15"]
[EventCountry "GER"]
[SourceTitle "Bundesliga 9495"]
[Source "DeepChess"]
[SourceDate "2005.01.01"]
[SourceVersion "1"]
[SourceVersionDate "2005.01.01"]
[SourceQuality "1"]
[WhiteTeam "SV 1920 Hofheim"]
[BlackTeam "SV Empor Berlin e.V."]
[WhiteTeamCountry "GER"]
[BlackTeamCountry "GER"]

1. e4 c5 2. c3 d5 3. exd5 Qxd5 4. d4 Nf6 5. Nf3 Bg4 6. Qa4+ Nbd7 7. Bc4 Qe4+ 8.
Be3 Bxf3 9. Nd2 Qc6 10. Bb5 Bxg2 11. Bxc6 Bxc6 12. Qb3 cxd4 13. Bxd4 e5 14.
O-O-O Bxh1 15. Rxh1 exd4 16. Re1+ Kd8 17. Nf3 Bd6 18. Nxd4 Re8 19. Rd1 Kc8 20.
Qc4+ Kb8 21. Qxf7 a6 22. a4 Re7 23. Qb3 Nc5 24. Qb6 Rd7 25. Nc6+ Kc8 26. Rxd6
Rxd6 27. Qxc5 Kd7 28. Ne5+ Ke6 29. f4 Rad8 30. f5+ Kxf5 31. Nf7+ Rd5 32. Qf2+
Ke6 33. Nxd8+ Rxd8 34. Qb6+ Rd6 35. Qxb7 g5 36. c4 Nd7 37. b4 h5 38. c5 Rd4 39.
Qxa6+ Kd5 40. c6 1-0

[Event "Bundesliga 9495"]
[Site "Deutschland"]
[Date "1995.??.??"]
[Round "?.3"]
[White "Luther, Thomas"]
[Black "Reschke, Stefan"]
[Result "1-0"]
[WhiteElo "2550"]
[BlackElo "2405"]
[PlyCount "53"]
[EventDate "1994.10.??"]
[EventType "team"]
[EventRounds "15"]
[EventCountry "GER"]
[SourceTitle "Bundesliga 9495"]
[Source "DeepChess"]
[SourceDate "2005.01.01"]
[SourceVersion "1"]
[SourceVersionDate "2005.01.01"]
[SourceQuality "1"]
[WhiteTeam "SV Empor Berlin e.V."]
[BlackTeam "SV 1920 Hofheim"]
[WhiteTeamCountry "GER"]
[BlackTeamCountry "GER"]

1. e4 c5 2. Nf3 d6 3. d4 cxd4 4. Nxd4 Nf6 5. Nc3 g6 6. Be3 Bg7 7. f3 O-O 8. Qd2
Nc6 9. O-O-O Be6 10. Kb1 Nxd4 11. Bxd4 Qc7 12. Nd5 Bxd5 13. exd5 Rfd8 14. h4 e5
15. dxe6 fxe6 16. g4 e5 17. Be3 d5 18. h5 e4 19. h6 Bh8 20. g5 Nh5 21. fxe4 Ng3
22. Bh3 Qe5 23. Bd4 Nxe4 24. Qe3 Qe7 25. Bxh8 Kxh8 26. Qd4+ Kg8 27. Be6+ 1-0

[Event "Bundesliga 9495"]
[Site "Deutschland"]
[Date "1995.??.??"]
[Round "?.4"]
[White "Schmitzer, Klaus"]
[Black "Rabiega, Robert"]
[Result "0-1"]
[WhiteElo "2355"]
[BlackElo "2460"]
[PlyCount "84"]
[EventDate "1994.10.??"]
[EventType "team"]
[EventRounds "15"]
[EventCountry "GER"]
[SourceTitle "Bundesliga 9495"]
[Source "DeepChess"]
[SourceDate "2005.01.01"]
[SourceVersion "1"]
[SourceVersionDate "2005.01.01"]
[SourceQuality "1"]
[WhiteTeam "SV 1920 Hofheim"]
[BlackTeam "SV Empor Berlin e.V."]
[WhiteTeamCountry "GER"]
[BlackTeamCountry "GER"]

1. e4 c5 2. Nf3 Nc6 3. d4 cxd4 4. Nxd4 e5 5. Nb5 a6 6. Nd6+ Bxd6 7. Qxd6 Qf6 8.
Qa3 Nge7 9. Bd3 Rb8 10. O-O b5 11. f4 b4 12. Qa4 O-O 13. Be3 Ng6 14. f5 Nf4 15.
g3 Nxd3 16. cxd3 Qd6 17. Qc2 b3 18. axb3 Nb4 19. Qc3 Qxd3 20. Bc5 Re8 21. Nd2
Qb5 22. Ra4 a5 23. f6 Ba6 24. Rfa1 Nc6 25. fxg7 Qe2 26. Bf2 Kxg7 27. Re1 Qh5
28. Nc4 Bxc4 29. Rxc4 Re6 30. Be3 Rf6 31. Qd3 Qg4 32. Rc3 Kg8 33. Bc5 a4 34.
bxa4 Rxb2 35. Rc2 Rxc2 36. Qxc2 h5 37. Qe2 Rf3 38. Rf1 Rxg3+ 39. hxg3 Qxe2 40.
Rf2 Qe1+ 41. Kh2 Qxe4 42. Ra2 Qc4 0-1

[Event "Bundesliga 9495"]
[Site "Deutschland"]
[Date "1995.??.??"]
[Round "?.5"]
[White "Muse, Mladen"]
[Black "Schwamberger, Martin"]
[Result "1/2-1/2"]
[WhiteElo "2435"]
[BlackElo "2330"]
[PlyCount "234"]
[EventDate "1994.10.??"]
[EventType "team"]
[EventRounds "15"]
[EventCountry "GER"]
[SourceTitle "Bundesliga 9495"]
[Source "DeepChess"]
[SourceDate "2005.01.01"]
[SourceVersion "1"]
[SourceVersionDate "2005.01.01"]
[SourceQuality "1"]
[WhiteTeam "SV Empor Berlin e.V."]
[BlackTeam "SV 1920 Hofheim"]
[WhiteTeamCountry "GER"]
[BlackTeamCountry "GER"]

1. d4 Nf6 2. c4 g6 3. Nc3 d5 4. Nf3 Bg7 5. e3 O-O 6. Qb3 e6 7. Be2 b6 8. O-O
Bb7 9. Rd1 Nbd7 10. Bd2 c5 11. cxd5 exd5 12. dxc5 Nxc5 13. Qa3 Qb8 14. Be1 Re8
15. Rac1 Bf8 16. b4 Ne6 17. Qb3 a6 18. Na4 Nd7 19. b5 a5 20. Qb2 Qd6 21. Bc4
Ndc5 22. Nc3 Bg7 23. Qd2 d4 24. Nxd4 Nxd4 25. exd4 Ne6 26. d5 Nf4 27. g3 Bh6
28. gxf4 Bxf4 29. Qd4 Bxh2+ 30. Kg2 Be5 31. Ne4 Qd7 32. Qxe5 Qg4+ 33. Qg3 Qxe4+
34. Qf3 Qh4 35. Qg3 Qf6 36. Bc3 Qf5 37. Rd4 Rac8 38. Kg1 Rxc4 39. Rxc4 Qxd5 40.
Rc6 Bxc6 41. bxc6 Qxc6 42. Bb2 Qb5 43. Qc3 Qg5+ 44. Kf1 Qb5+ 45. Kg1 Qg5+ 46.
Qg3 Qd2 47. Qe3 Qxe3 48. fxe3 f5 49. Bd4 f4 50. exf4 Re4 51. Be5 g5 52. Bc7
gxf4 53. Bxb6 Kf7 54. Bxa5 Ra4 55. Bc7 Rxa2 56. Bxf4 Kf6 57. Rc5 Kg6 58. Be3
Re2 59. Bf2 Rb2 60. Kg2 Rb3 61. Re5 Kf6 62. Re8 Kf5 63. Be3 Ra3 64. Kf3 Ra6 65.
Rb8 Ra5 66. Rf8+ Ke6 67. Ke4 Re5+ 68. Kf4 Rb5 69. Bd4 h5 70. Ke4 h4 71. Rh8 h3
72. Rxh3 Kd7 73. Rh6 Ra5 74. Bc3 Ra3 75. Kd4 Rb3 76. Kc4 Rb7 77. Bd4 Ke8 78.
Rh8+ Kd7 79. Kd5 Rb5+ 80. Bc5 Rb7 81. Ra8 Kc7 82. Ra5 Kc8 83. Kd6 Rd7+ 84. Ke6
Rb7 85. Bd6 Rb6 86. Ra7 Rc6 87. Kd5 Rb6 88. Ke6 Rc6 89. Rh7 Rb6 90. Rh8+ Kb7
91. Kd5 Ka6 92. Bc5 Rb7 93. Kc4 Rc7 94. Rb8 Rc6 95. Kd5 Rc7 96. Rb6+ Ka7 97.
Kc4 Rb7 98. Rd6+ Kb8 99. Bb6 Rf7 100. Kb5 Kc8 101. Rd8+ Kb7 102. Re8 Rd7 103.
Be3 Rf7 104. Bb6 Rd7 105. Re2 Rf7 106. Bc5 Rd7 107. Re6 Rf7 108. Ra6 Rd7 109.
Bd6 Kc8 110. Kc5 Rf7 111. Ra8+ Kd7 112. Kd5 Rf5+ 113. Be5 Rf7 114. Ra6 Ke8 115.
Bf6 Rd7+ 116. Ke6 Re7+ 117. Kf5 Rb7 1/2-1/2

[Event "Bundesliga 9495"]
[Site "Deutschland"]
[Date "1995.??.??"]
[Round "?.6"]
[White "Buchal, Stephan"]
[Black "Poldauf, Dirk"]
[Result "1/2-1/2"]
[WhiteElo "2355"]
[BlackElo "2425"]
[PlyCount "80"]
[EventDate "1994.10.??"]
[EventType "team"]
[EventRounds "15"]
[EventCountry "GER"]
[SourceTitle "Bundesliga 9495"]
[Source "DeepChess"]
[SourceDate "2005.01.01"]
[SourceVersion "1"]
[SourceVersionDate "2005.01.01"]
[SourceQuality "1"]
[WhiteTeam "SV 1920 Hofheim"]
[BlackTeam "SV Empor Berlin e.V."]
[WhiteTeamCountry "GER"]
[BlackTeamCountry "GER"]

1. g3 Nf6 2. Bg2 g6 3. e4 d6 4. d4 Bg7 5. Ne2 O-O 6. h3 e5 7. Nbc3 c6 8. a4
exd4 9. Nxd4 a5 10. O-O Na6 11. Be3 Nb4 12. Qd2 d5 13. exd5 cxd5 14. Bh6 Bd7
15. Bxg7 Kxg7 16. Rfe1 Qb6 17. Ncb5 Rfe8 18. c3 Na6 19. Rxe8 Rxe8 20. Re1 Nc5
21. Rxe8 Bxe8 22. Qg5 Bd7 23. Qe5 Bxb5 24. axb5 Qd8 25. Bf3 Na4 26. Qe2 Qd6 27.
Kg2 Nb6 28. b3 a4 29. bxa4 Nxa4 30. c4 Qc5 31. Qd2 dxc4 32. Bxb7 c3 33. Qd3 Nb2
34. Qe3 Kg8 35. Bf3 c2 36. Nxc2 Qxc2 37. b6 Nc4 38. Qd4 Nxb6 39. Qxb6 Kg7 40.
Qd4 Qc7 1/2-1/2

[Event "Bundesliga 9495"]
[Site "Deutschland"]
[Date "1995.??.??"]
[Round "?.7"]
[White "Volke, Karsten"]
[Black "Haubt, Georg"]
[Result "1/2-1/2"]
[WhiteElo "2440"]
[BlackElo "2275"]
[PlyCount "55"]
[EventDate "1994.10.??"]
[EventType "team"]
[EventRounds "15"]
[EventCountry "GER"]
[SourceTitle "Bundesliga 9495"]
[Source "DeepChess"]
[SourceDate "2005.01.01"]
[SourceVersion "1"]
[SourceVersionDate "2005.01.01"]
[SourceQuality "1"]
[WhiteTeam "SV Empor Berlin e.V."]
[BlackTeam "SV 1920 Hofheim"]
[WhiteTeamCountry "GER"]
[BlackTeamCountry "GER"]

1. d4 d5 2. c4 Nc6 3. cxd5 Qxd5 4. e3 e5 5. Nc3 Bb4 6. Bd2 Bxc3 7. bxc3 Qd6 8.
Nf3 Bg4 9. h3 Bh5 10. dxe5 Nxe5 11. Qa4+ c6 12. Nxe5 Qxe5 13. Qd4 Qf6 14. Rb1
b6 15. e4 Rd8 16. Qxf6 Nxf6 17. f3 Nd7 18. Be2 O-O 19. g4 Bg6 20. Be3 f6 21.
Kf2 Ne5 22. a4 Bf7 23. Ra1 Bc4 24. a5 Bxe2 25. Kxe2 Nc4 26. axb6 axb6 27. Rhd1
Rxd1 28. Rxd1 1/2-1/2

[Event "Bundesliga 9495"]
[Site "Deutschland"]
[Date "1995.??.??"]
[Round "?.8"]
[White "Reschke, Thomas"]
[Black "Stern, Rene"]
[Result "0-1"]
[WhiteElo "2250"]
[BlackElo "2400"]
[PlyCount "80"]
[EventDate "1994.10.??"]
[EventType "team"]
[EventRounds "15"]
[EventCountry "GER"]
[SourceTitle "Bundesliga 9495"]
[Source "DeepChess"]
[SourceDate "2005.01.01"]
[SourceVersion "1"]
[SourceVersionDate "2005.01.01"]
[SourceQuality "1"]
[WhiteTeam "SV 1920 Hofheim"]
[BlackTeam "SV Empor Berlin e.V."]
[WhiteTeamCountry "GER"]
[BlackTeamCountry "GER"]

1. c4 e6 2. Nf3 d5 3. b3 Nf6 4. g3 Be7 5. Bb2 O-O 6. Bg2 c6 7. O-O a5 8. d3 a4
9. Nbd2 Nbd7 10. Qc2 Qc7 11. d4 Qb8 12. e4 a3 13. Bc3 b5 14. Rab1 Bb7 15. Rfe1
bxc4 16. bxc4 Qa7 17. Ng5 h6 18. exd5 cxd5 19. cxd5 hxg5 20. Rxb7 Qxb7 21. dxe6
Qc7 22. Bxa8 Rxa8 23. exd7 Qxd7 24. Qb3 Rc8 25. Nf3 Qd5 26. Bd2 Qxb3 27. axb3
g4 28. Ne5 Rc2 29. Nc4 a2 30. Ra1 Ne4 31. Bc1 Nxf2 32. Bb2 Nh3+ 33. Kh1 Re2 34.
d5 Bc5 35. d6 Nf2+ 36. Kg2 Nd3+ 37. Kh1 Bxd6 38. Rxa2 Bc5 39. h4 Nf2+ 40. Kg2
Ne4+ 0-1

[Event "Bundesliga 9495"]
[Site "Deutschland"]
[Date "1995.??.??"]
[Round "?.1"]
[White "Kuczynski, Robert"]
[Black "Zude, Arno"]
[Result "1/2-1/2"]
[WhiteElo "2510"]
[BlackElo "2430"]
[PlyCount "55"]
[EventDate "1994.10.??"]
[EventType "team"]
[EventRounds "15"]
[EventCountry "GER"]
[SourceTitle "Bundesliga 9495"]
[Source "DeepChess"]
[SourceDate "2005.01.01"]
[SourceVersion "1"]
[SourceVersionDate "2005.01.01"]
[SourceQuality "1"]
[WhiteTeam "SV Erfurt West 90"]
[BlackTeam "SV 1920 Hofheim"]
[WhiteTeamCountry "GER"]
[BlackTeamCountry "GER"]

1. e4 e5 2. Nf3 Nc6 3. Bb5 a6 4. Ba4 d6 5. c3 Bd7 6. d4 Nge7 7. Bb3 h6 8. Nbd2
Ng6 9. Nc4 Be7 10. Ne3 O-O 11. O-O Re8 12. h3 exd4 13. cxd4 Bf6 14. Re1 Rxe4
15. Qd3 Qe7 16. Bd5 Re8 17. Qxe4 Qxe4 18. Bxe4 Rxe4 19. Nd5 Rxe1+ 20. Nxe1 Bd8
21. Be3 Nge7 22. Nc3 Nb4 23. a3 Nbd5 24. Bd2 Nb6 25. Rd1 Ned5 26. Bc1 f5 27.
Nc2 Kf7 28. Re1 1/2-1/2

[Event "Bundesliga 9495"]
[Site "Deutschland"]
[Date "1995.??.??"]
[Round "?.2"]
[White "Pirrot, Dieter"]
[Black "Enders, Peter"]
[Result "1-0"]
[WhiteElo "2395"]
[BlackElo "2480"]
[PlyCount "73"]
[EventDate "1994.10.??"]
[EventType "team"]
[EventRounds "15"]
[EventCountry "GER"]
[SourceTitle "Bundesliga 9495"]
[Source "DeepChess"]
[SourceDate "2005.01.01"]
[SourceVersion "1"]
[SourceVersionDate "2005.01.01"]
[SourceQuality "1"]
[WhiteTeam "SV 1920 Hofheim"]
[BlackTeam "SV Erfurt West 90"]
[WhiteTeamCountry "GER"]
[BlackTeamCountry "GER"]

1. e4 e6 2. d4 d5 3. e5 c5 4. c3 Nc6 5. Nf3 Bd7 6. a3 Nge7 7. b4 cxd4 8. cxd4
Nf5 9. Nc3 Be7 10. Bb2 Nh4 11. Nxh4 Bxh4 12. Na4 b6 13. Ba6 O-O 14. O-O Be7 15.
Rc1 Rb8 16. Bd3 f5 17. f4 Rf7 18. Rf2 g5 19. g4 Rg7 20. gxf5 exf5 21. Qf3 Nxd4
22. Bxd4 Bxa4 23. Bxf5 gxf4+ 24. Rg2 Be8 25. Rxg7+ Kxg7 26. Qxf4 Bg5 27. e6+
Kh6 28. Qe5 Bg6 29. Rc3 Bf6 30. Qf4+ Kg7 31. Rc7+ Kg8 32. Bxg6 Bxd4+ 33. Kh1
Qf6 34. Bxh7+ Kh8 35. Bf5 Re8 36. Rh7+ Kg8 37. Rf7 1-0

[Event "Bundesliga 9495"]
[Site "Deutschland"]
[Date "1995.??.??"]
[Round "?.3"]
[White "Casper, Thomas"]
[Black "Rechel, Bernd"]
[Result "1-0"]
[WhiteElo "2435"]
[BlackElo "2410"]
[PlyCount "79"]
[EventDate "1994.10.??"]
[EventType "team"]
[EventRounds "15"]
[EventCountry "GER"]
[SourceTitle "Bundesliga 9495"]
[Source "DeepChess"]
[SourceDate "2005.01.01"]
[SourceVersion "1"]
[SourceVersionDate "2005.01.01"]
[SourceQuality "1"]
[WhiteTeam "SV Erfurt West 90"]
[BlackTeam "SV 1920 Hofheim"]
[WhiteTeamCountry "GER"]
[BlackTeamCountry "GER"]

1. e4 c5 2. Nf3 h6 3. c3 g5 4. d4 cxd4 5. Qxd4 Nf6 6. e5 Nc6 7. Qa4 Nd5 8. h4
gxh4 9. Qxh4 d6 10. Qe4 dxe5 11. Nxe5 Qd6 12. Nxc6 bxc6 13. Nd2 Qf6 14. Nc4 Bg7
15. Bd2 Bf5 16. Nd6+ Qxd6 17. Qxf5 Rb8 18. Rb1 Be5 19. Be2 Bf4 20. Rd1 Qe5 21.
Rh5 Qc7 22. g3 Bxg3 23. fxg3 Qxg3+ 24. Qf2 Qxf2+ 25. Kxf2 Rxb2 26. c4 Nf6 27.
Ra5 Kf8 28. Rxa7 Ne4+ 29. Ke3 f5 30. Bf3 Rc2 31. Bxe4 fxe4 32. Ra8+ Kg7 33.
Rxh8 Kxh8 34. Ra1 Rxc4 35. a4 Rc5 36. a5 Rd5 37. a6 Rd3+ 38. Kxe4 Rd8 39. a7
Ra8 40. Be3 1-0